书目信息 |
| 题名: |
中国可持续发展总纲
|
|
| 作者: | 路甬祥 总主编 ;王昂生 卷主编 | |
| 分册: | 第18卷 中国减灾与可持续发展 | |
| 出版信息: | 北京 科学出版社 2007 |
|
| 页数: | 12,504,12页 | |
| 开本: | 30cm | |
| 丛书名: | ||
| 单 册: | ||
| 中图分类: | X22 , X432 | |
| 科图分类: | ||
| 主题词: | 可持续发展--研究--中国 , 自然灾害--灾害防治--可持续发展--研究--中国 , 可持续发展 , 自然灾害 , 灾害防治 | |
| 电子资源: | ||
| ISBN: | 978-7-03-017527-4 | |
| 000 | 01278nam0 2200337 450 | |
| 001 | 003422963 | |
| 005 | 20070805150720.18 | |
| 010 | @a978-7-03-017527-4@dCNY115.00 | |
| 035 | @a003422963 | |
| 100 | @a20070402d2007 em y0chiy0110 ea | |
| 101 | 0 | @achi |
| 102 | @aCN@b110000 | |
| 105 | @aa z 000yy | |
| 106 | @ar | |
| 200 | 1 | @a中国可持续发展总纲@Azhong guo ke chi xu fa zhan zong gang@h第18卷@i中国减灾与可持续发展@Izhong guo jian zai yu ke chi xu fa zhan@f路甬祥总主编@Flu yong xiang zong zhu bian@g王昂生[卷]主编@Gwang ang sheng [ juan ] zhu bian |
| 210 | @a北京@c科学出版社@d2007 | |
| 215 | @a12,504,12页@c照片,图@d30cm | |
| 300 | @a“十一五”国家重点图书出版规划项目 | |
| 304 | @a英文共同题名:The overview of China's sustainable development | |
| 330 | @a本书介绍了全球近千年、中国2000年的重要自然灾害,特别是中国近50年的重大灾害,以及它们严重制约社会可持续发展的总况。 | |
| 606 | 0 | @a可持续发展@x研究@y中国 |
| 606 | 0 | @a自然灾害@x灾害防治@x可持续发展@x研究@y中国 |
| 606 | 0 | @a可持续发展 |
| 606 | 0 | @a自然灾害 |
| 606 | 0 | @a灾害防治 |
| 690 | @aX22@v4 | |
| 690 | @aX432@v4 | |
| 701 | 0 | @a路甬祥@Alu yong xiang@f(1942~)@4总主编 |
| 702 | 0 | @a王昂生@Awang ang sheng@f(1939.6~)@4卷主编 |
| 801 | 0 | @aCN@bNLC@c20070805 |
| 905 | @dX22@e113:18@f1 | |
| 中国可持续发展总纲.第18卷.中国减灾与可持续发展/路甬祥总主编/王昂生[卷]主编.-北京:科学出版社,2007 |
| 12,504,12页:照片,图;30cm |
| “十一五”国家重点图书出版规划项目 |
| ISBN 978-7-03-017527-4:CNY115.00 |
| 本书介绍了全球近千年、中国2000年的重要自然灾害,特别是中国近50年的重大灾害,以及它们严重制约社会可持续发展的总况。 |
| ● |
| 相关链接 |
|
|
|
|
正题名:中国可持续发展总纲
索取号:X22/113:18
 
预约/预借
| 序号 | 登录号 | 条形码 | 馆藏地/架位号 | 状态 | 备注 |
| 1 | 0852959 | 208529591 | 第二样本阅览室/ [索取号:X22/113:18] | 在馆 |